Statystyki dla Polscy Piłkarze na Olimpiadzie w 1976

Kliknij tutaj aby rozwiązać quiz!

Ogólne statystyki

  • Ten quiz został rozwiązany 118 razy
  • Średni wynik to 9 z 18

Statystyki odpowiedzi

HintOdpowiedź% Poprawnych
7Stal MielecGrzegorz Lato
98%
9Legia WarszawaKazimierz Deyna
95%
1ŁKS ŁódźJan Tomaszewski
90%
3Górnik ZabrzeJerzy Gorgoń
85%
10Stal MielecAndrzej Szarmach
83%
TrenerKazimierz Górski
71%
8Stal MielecHenryk Kasperczak
56%
5Śląsk WrocławWładysław Żmuda
56%
2Wisła KrakówAntoni Szymanowski
44%
11Wisła KrakówKazimierz Kmiecik
39%
15Legia WarszawaLesław Ćmikiewicz
34%
6Ruch ChorzówZygmunt Maszczyk
32%
4Zagłębie SosnowiecWojciech Rudy
27%
13Pogoń SzczecinHenryk Wawrowski
22%
12Legia WarszawaPiotr Mowlik
22%
14Górnik ZabrzeHenryk Wieczorek
17%
16Ruch ChorzówJan Benigier
17%
17GKS TychyRoman Ogaza
17%

Rozkład punktacji

Percentyl według liczby udzielonych odpowiedzi

Procent ludzi z każdym wynikiem

Twoja historia wyników

Nie rozwiązałeś tego quizu